It's time to settle down (Record no. 73310)

MARC details
000 -LEADER
fixed length control field 01563cam a2200301 4500
001 - CONTROL NUMBER
control field ABS66990
008 - FIXED-LENGTH DATA ELEMENTS--GENERAL INFORMATION
fixed length control field 030901n2003 000 0 eng u
035 ## - SYSTEM CONTROL NUMBER
System control number (Sirsi) u123417
100 ## - MAIN ENTRY--PERSONAL NAME
Personal name Collett, A.
245 ## - TITLE STATEMENT
Title It's time to settle down
260 ## - PUBLICATION, DISTRIBUTION, ETC.
Date of publication, distribution, etc. 2003
490 ## - SERIES STATEMENT
Series statement Estates Gazette
Volume/sequential designation (0329) 19 July 2003, 110-111(2)
520 ## - SUMMARY, ETC.
Summary, etc. New research conducted by the College of Estate Management has suggested that the conditions for private residential investment are now more favourable than at any time in the past 20 years. "Residential investment and sustainable communities" (ISBN 1904388027) examines the reasons why institutions have been reluctant to make large-scale private investments into mixed-use developments and private rented housing in the UK. The main barriers to this investment have been stock shortage, market volatility, perceived low returns and lack of tax transparency. Many of these have been eroded. The research draws in comparative information from the Netherlands and Canada, involved a comprehensive review of the UK planning and housing policy background and the legislative framework.
590 ## - LOCAL NOTE (RLIN)
Local note ABS
650 ## - SUBJECT ADDED ENTRY--TOPICAL TERM
Topical term or geographic name entry element MIXED-USE DEVELOPMENTS
650 ## - SUBJECT ADDED ENTRY--TOPICAL TERM
Topical term or geographic name entry element SUSTAINABLE COMMUNITIES
650 ## - SUBJECT ADDED ENTRY--TOPICAL TERM
Topical term or geographic name entry element SUSTAINABLE HOUSING
650 ## - SUBJECT ADDED ENTRY--TOPICAL TERM
Topical term or geographic name entry element RESIDENTIAL INVESTMENT
650 ## - SUBJECT ADDED ENTRY--TOPICAL TERM
Topical term or geographic name entry element IPD RESIDENTIAL INDEX
650 ## - SUBJECT ADDED ENTRY--TOPICAL TERM
Topical term or geographic name entry element PRIVATE RENTED HOUSING
650 ## - SUBJECT ADDED ENTRY--TOPICAL TERM
Topical term or geographic name entry element PRIVATE RENTED SECTOR
650 ## - SUBJECT ADDED ENTRY--TOPICAL TERM
Topical term or geographic name entry element CANADA
650 ## - SUBJECT ADDED ENTRY--TOPICAL TERM
Topical term or geographic name entry element NETHERLANDS
690 ## - LOCAL SUBJECT ADDED ENTRY--TOPICAL TERM (OCLC, RLIN)
Topical term or geographic name as entry element HOUSING-INVESTMENT
700 ## - ADDED ENTRY--PERSONAL NAME
Personal name Daly, J.
700 ## - ADDED ENTRY--PERSONAL NAME
Personal name Pottinger, G.
942 ## - ADDED ENTRY ELEMENTS (KOHA)
Suppress in OPAC 0
Holdings
Withdrawn status Lost status Source of classification or shelving scheme Damaged status Not for loan Home library Current library Shelving location Date acquired Total Checkouts Full call number Barcode Date last seen Copy number Price effective from Koha item type
    Dewey Decimal Classification     London London Journal article 01/09/2003   ABS66990 123417-1001 06/08/2019 1 06/08/2019 Journal article